000 00505nam a2200181Ia 4500
003 GCL
008 140319s9999 xx 000 0 ara d
040 _aGCL /
_cGCL
082 0 4 _a813.01
_bف د
100 1 _aفاروق منيب
245 1 0 _aالديك الاحمر : قصص قصيرة /
_cفاروق منيب
300 _a205 ص
490 _a
650 0 4 _aالادب العربى
650 0 4 _aالقصص العربية
650 0 4 _aالقصص العربية القصيرة
942 _2ddc
_cBK
999 _c40353
_d40353